Guess the Famous People from their Eyes #25 - Statistics

General Stats
  • This quiz has been taken 170 times
  • The average score is 6 of 16
Answer Stats
Picture Answer % Correct
Adam Sandler
84%
Mila Kunis
73%
Matt LeBlanc
68%
Adam Levine
56%
Celine Dion
46%
Henry Cavill
44%
Emily Blunt
42%
Rachel McAdams
41%
J.K. Rowling
40%
Michael Buble
38%
Hayley Atwell
21%
Craig Robinson
19%
Rachel Weisz
18%
Usain Bolt
16%
Leona Lewis
15%
Didier Drogba
13%
No matching quizzes found
Score Distribution
Percent of People with Each Score
Percentile by Number Answered
Your Score History
You have not taken this quiz